| 000 | 00365nam a2200133Ia 4500 | ||
|---|---|---|---|
| 008 | 220217s9999||||xx |||||||||||||| ||und|| | ||
| 020 | _a81-7029-458-4 | ||
| 082 | _a004.165 VEN | ||
| 100 | _aVenugopal, K.R. Kumar, Raj | ||
| 245 | 0 | _aMicroprocessor X86 programming | |
| 260 |
_aBPB publication _bNew Delhi _c2002 |
||
| 300 | _b225 | ||
| 650 | _aMICROPROCESSOR | ||
| 999 |
_c170365 _d170365 |
||